Diario de las discusiones y actas de las Cortes (Record no. 180001)
[ view plain ]
| 000 -LEADER | |
|---|---|
| campo de control de longitud fija | 01272nas a2200325 i 4500 |
| 001 - NÚMERO DE CONTROL | |
| campo de control | 180001 |
| 003 - IDENTIFICADOR DE NÚMERO DE CONTROL | |
| campo de control | ES-MaACL |
| 005 - FECHA Y HORA DE LA ÚLTIMA TRANSACCIÓN | |
| campo de control | 20250812063131.0 |
| 008 - DATOS DE LONGITUD FIJA--INFORMACIÓN GENERAL | |
| campo de control de longitud fija | 120314d18111813sp | | ||pa d |
| 040 ## - FUENTE DE CATALOGACIÓN | |
| Centro/agencia transcriptor | ES-MaACL |
| 080 ## - NÚMERO DE LA CLASIFICACIÓN DECIMAL UNIVERSAL | |
| Número de la Clasificación Decimal Universal | 32(460)"1808/14" |
| 110 1# - ENTRADA PRINCIPAL--NOMBRE DE ENTIDAD CORPORATIVA | |
| Nombre de entidad corporativa o nombre de jurisdicción como elemento de entrada | España. |
| Unidad subordinada | Cortes de Cádiz |
| 9 (RLIN) | 3663 |
| 245 10 - MENCIÓN DEL TÍTULO | |
| Título | Diario de las discusiones y actas de las Cortes |
| 246 1# - FORMA VARIANTE DEL TITULO | |
| Título propio/Titulo breve | Diario de las Cortes |
| 246 1# - FORMA VARIANTE DEL TITULO | |
| Título propio/Titulo breve | Diario de las actas y sesiones extraordinarias de las Cortes Generales y Extraordinarias |
| 260 ## - PUBLICACIÓN, DISTRIBUCIÓN, ETC. | |
| Lugar de publicación, distribución, etc. | Cádiz : |
| Nombre del editor, distribuidor, etc. | Imprenta Real, |
| Fecha de publicación, distribución, etc. | 1811-1813 |
| 300 ## - DESCRIPCIÓN FÍSICA | |
| Extensión | 21 volúmenes ; |
| Dimensiones | 21 cm |
| 310 ## - PERIODICIDAD ACTUAL | |
| Periodicidad actual | Irregular |
| 362 0# - FECHAS DE PUBLICACIÓN Y/O DESIGNACIÓN SECUENCIAL | |
| Fecha de publicación y/o designación secuencial | T. 1. (24 sept. 1810)-(nov. 1813) |
| 505 ## - NOTA DE CONTENIDO CON FORMATO | |
| Nota de contenido con formato | Incluye "Discusión del proyecto de decreto sobre el Tribunal de la Inquisición" de 1813 |
| 530 ## - NOTA DISPONIBLE DE FORMULARIO FÍSICO ADICIONAL | |
| Nota de formato físico adicional disponible | Disponible en formato digital |
| 651 #4 - PUNTO DE ACCESO ADICIONAL DE MATERIA--NOMBRE GEOGRÁFICO | |
| Nombre geográfico | España- |
| Subdivisión general | Política y gobierno- |
| Subdivisión cronológica | 1808-1814 |
| 9 (RLIN) | 241718 |
| 710 2# - ENTRADA AGREGADA--NOMBRE DE ENTIDAD CORPORATIVA | |
| Nombre de entidad corporativa o nombre de jurisdicción como elemento de entrada | Imprenta Real (Cádiz) |
| Término indicativo de función/relación | Editor |
| -- | Impresor |
| 9 (RLIN) | 241717 |
| 852 4# - LOCALIZACIÓN | |
| Ubicación | ES-MaACL |
| Ubicación en estantería | Depósito Z |
| Signatura antigua | Olim: C-3760-80 |
| Número de control de estantería | Z-171-191 |
| Encuadernación | Pergamino |
| 856 4# - LOCALIZACIÓN Y ACCESO ELECTRÓNICOS | |
| Identificador Uniforme de Recursos | <a href="https://catalog.hathitrust.org/Record/009349474">https://catalog.hathitrust.org/Record/009349474</a> |
| Texto de enlace | Versión en línea |
| Nota pública | (HathiTrust Digital Library) |
| 866 #0 - MENCIÓN TEXTUAL DE FONDOS--UNIDAD BIBLIOGRÁFICA BÁSICA | |
| Fondos | 1811-1813 |
| 942 ## - ELEMENTOS DE ENTRADA SECUNDARIOS (KOHA) | |
| Fuente del sistema de clasificación o colocación | Clasificación decimal universal |
| Tipo de ítem Koha | Revista |
| Suprimir en OPAC | No |
| 955 ## - CATALOGADOR - EDICIÓN | |
| Nombre de catalogador | Pilar Fernández Vera |
| Estatus retirado | Estado de pérdida | Estado de daño | No para préstamo | Colección | Biblioteca de origen | Biblioteca actual | Ubicación en estantería | Fecha de adquisición | Fuente de adquisición | Total de préstamos | Signatura topográfica completa | Código de barras | Visto por última vez | Precio de reemplazo | Tipo de ítem Koha |
|---|---|---|---|---|---|---|---|---|---|---|---|---|---|---|---|
| Periódicos y Revistas | Biblioteca del Ateneo de Madrid | Biblioteca del Ateneo de Madrid | Depósito Z | 14/03/2012 | Z-171-191 | 1189110 | 23/02/2023 | 23/02/2023 | Revista |
